The crusades /

محفوظ في:

المؤلف الرئيسي: Barker, Ernest, Sir, 1874-1960.

التنسيق: كتاب

اللغة: English

منشور في: London : Oxford University Press, 1949.

سلاسل: world's manuals.

الموضوعات:

الوسوم: إضافة وسم

لا توجد وسوم, كن أول من يضع وسما على هذه التسجيلة!

رقم الطلب: D158 .B3 1949

LEADER 00765nam a22002657a 4500
003 OSt
005 20251130085427.0
008 231220s1949 enk 000 0 eng d
010 |a 23018124 
035 |a (OCoLC) 9402508  |z (OCoLC) 640033191 
040 |c ARCE Library 
050 4 |a D158 .B3 1949 
100 1 |a Barker, Ernest,  |c Sir,  |d 1874-1960. 
245 1 4 |a The crusades /  |c by Ernest Barker. 
260 |a London :  |b Oxford University Press,  |c 1949. 
300 |a 112 p. ;  |c 19 cm. 
490 0 |a The world's manuals. 
500 |a Map and genealogical table on end-papers. 
500 |a "Literarture": p. 105-112. 
500 |a "First published 1923." 
650 0 |a Crusades. 
830 0 |a world's manuals. 
901 |a reviewed 
942 |2 lcc  |c BK 
999 |c 55155  |d 55155